La filosofia politica di Aristotele

I tiakina i:
Ngā taipitopito rārangi puna kōrero
Kaituhi matua: Bien, Günther (autore)
Hōputu: Pukapuka
Reo:Ingarihi
I whakaputaina: Bologne, Italia: Il mulino, 1985.
Rangatū:Collezione di testi e di studi., Filosofia.
Ngā marau:
Ngā Tūtohu: Tāpirihia he Tūtohu
Kāore He Tūtohu, Me noho koe te mea tuatahi ki te tūtohu i tēnei pūkete!

MARC

LEADER 00000nam a22000007a 4500
003 CL-VaPUC
005 20241127085258.0
008 220608b1985 ||||| |||| 00| 0 eng d
999 |c 435857  |d 435855 
020 |a 88-15-07777-4 
040 |c Pontificia Universidad Católica de Valparaíso 
082 7 |a 320.01 ARI 1985  |2 22 
100 1 |a Bien, Günther  |e autore  |9 870376 
245 3 |a La filosofia politica di Aristotele 
260 |a Bologne, Italia:  |b Il mulino,  |c 1985. 
300 |a 389 páginas  
490 |a Collezione di testi e di studi., Filosofia. 
500 |a c.1 Donación Familia Prof. Alejandro Guzmán Brito. 
583 |c 20220608  |k Cristina María Rojas Aguilar 
600 0 |a Aristóteles,  |d 384 a.C.- 322 a.C.  |9 194 
650 |a Filosofía política  |9 870377 
942 |2 ddc  |c BK  |n 0 
952 |0 0  |1 0  |2 ddc  |4 0  |6 320_010000000000000_ARI_1985  |7 0  |8 C_AGB  |9 583532  |a BIBDER  |b BIBDER  |d 2022-06-08  |e Donación   |i 5651652  |o 320.01 ARI 1985  |p 5651652  |r 2023-01-25  |t 1  |w 2022-06-08  |y BK_US  |k AGB